Colonialism and Modern Social Theory (Record no. 1308870)

MARC details
000 -LEADER
fixed length control field 00971nam a2200217 4500
005 - DATE AND TIME OF LATEST TRANSACTION
control field 20250411134823.0
008 - FIXED-LENGTH DATA ELEMENTS--GENERAL INFORMATION
fixed length control field 250411b |||||||| |||| 00| 0 eng d
020 ## - INTERNATIONAL STANDARD BOOK NUMBER
International Standard Book Number 9781509541300
037 ## - SOURCE OF ACQUISITION
Terms of availability Textual
040 ## - CATALOGING SOURCE
Original cataloging agency RTL
Transcribing agency RTL
084 ## - COLON CLASSIFICATION NUMBER
Classification number W:77 R1
Assigning agency RTL
100 ## - MAIN ENTRY--PERSONAL NAME
Personal name Bhambra, Gurminder K.
9 (RLIN) 324486
245 ## - TITLE STATEMENT
Title Colonialism and Modern Social Theory
260 ## - PUBLICATION, DISTRIBUTION, ETC.
Place of publication, distribution, etc. USA
Name of publisher, distributor, etc. Polity
Date of publication, distribution, etc. 2021
300 ## - PHYSICAL DESCRIPTION
Extent x, 257 p.
Other physical details Includes bibliography, notes and index
520 ## - SUMMARY, ETC.
Summary, etc. Modern society emerged in the context of European colonialism and empire. So, too, did a distinctively modern social theory, laying the basis for most social theorising ever since. Yet colonialism and empire are absent from the conceptual understandings of modern society, which are organised instead around ideas of nation state and capitalist economy.
650 ## - SUBJECT ADDED ENTRY--TOPICAL TERM
Topical term or geographic name entry element Sociology
650 ## - SUBJECT ADDED ENTRY--TOPICAL TERM
Topical term or geographic name entry element Social Sciences
700 ## - ADDED ENTRY--PERSONAL NAME
Personal name Holmwood, John
Relator term Co-author
9 (RLIN) 132055
942 ## - ADDED ENTRY ELEMENTS (KOHA)
Source of classification or shelving scheme Colon Classification (CC)
Suppress in OPAC No
Koha item type Textbook
Classification part W:77 R1
Holdings
Withdrawn status Lost status Source of classification or shelving scheme Damaged status Not for loan Home library Current library Date acquired Total Checkouts Full call number Barcode Date last seen Date last checked out Price effective from Koha item type
    Colon Classification (CC)     Ratan Tata Library Ratan Tata Library 2025-04-11 1 W:77 R1 RT1528358 2026-01-12 2025-11-07 2025-04-11 Textbook
Copyright @ Delhi University Library System